Missing Word: Billboard Hot 100 (2018) Quiz Stats

 Plays Quiz Updated Oct 25, 2019

Score 0/20 Timer 03:00
2 Plays Today
Song Name Missing Word % Correct
No _____ Left to CryTears
88.7%
Whatever It _____Takes
86.6%
Too _____ at GoodbyesGood
82.3%
Never _____ the SameBe
78.7%
Lucid _____Dreams
69.7%
_____ at LoveBad
66.9%
God's _____Plan
66.6%
You _____ It EasyMake
66.3%
I _____ ItLike
63.4%
Better _____Now
61.1%
Song Name Missing Word % Correct
This Is _____America
60.2%
_____ Like YouGirls
56.9%
_____ RulesNew
53.1%
_____ to BeMeant
47.2%
_____ GangGucci
45.8%
Feel It _____Still
44.3%
_____ to YouBack
40.6%
In My _____Blood
36.9%
Love _____Lies
30%
Look _____Alive
22.7%

Today's Daily Dose

Word Ladder
Lean on Me

Get the Picture
Superhero by Villain

You're not logged in!

Compare scores with friends on all Sporcle quizzes.
OR
Log In

Sporcle TV

Today on Sporcle TV


Watch our educational content, quiz creation guides, and fun videos on Sporcle TV.

Show Comments

Extras

Top Quizzes Today


Score Distribution

Your Account Isn't Verified!

In order to create a playlist on Sporcle, you need to verify the email address you used during registration. Go to your Sporcle Settings to finish the process.

Report this User

Report this user for behavior that violates our Community Guidelines.

Details: